000 01615nam a2200313Ia 4500
999 _c36904
_d36904
001 2855
003 GE_BSU
005 20190613131528.0
008 181216s2012||||ge |||||||||||||| ||geo||
020 _a9789941043260
040 _cGE_BSU
041 _ageo
080 _a398+27-31 შ–67
100 _aშიოშვილი, თინა
_91855
245 _aიესო ქრისტე ქართულ ფოლკლორში :
_b[მონოგრაფია] /
_cთინა შიოშვილი ; [რედ. მამია ფაღავა] ; მხატვ. ბესო ლომაძე ; შ. რუსთაველის სახელმწ. უნ-ტი, ქართველოლოგიის ინ-ტი.
264 _aთბილისი :
_bლამპარი-99,
_c2012.
300 _a286 გვ.;
_b20სმ.
504 _aბიბლიოგრ. ტექსტ. შენიშვნ.
546 _aრეზ. ინგლ. და რუს.
653 _aფოლკლორი
653 _aქართული ფოლკლორი
653 _aქართული ფოლკლორის ისტორია
653 _aქართული ფოლკლორის კრიტიკა
653 _aიესო ქრისტე
700 _aფაღავა, მაია
_eრედაქტორი
_92467
700 _aლომაძე, ბესო
_eმხატვარი
_92468
710 _aქართველოლოგიის ინსტიტუტი.
_91860
942 _cBK
_2udc